| 000 -LEADER |
| fixed length control field |
00451cam a22001577a 4500 |
| 008 - FIXED-LENGTH DATA ELEMENTS--GENERAL INFORMATION |
| fixed length control field |
180718b1980 xxu||||| |||| 00| 0 eng d |
| 020 ## - INTERNATIONAL STANDARD BOOK NUMBER |
| International Standard Book Number |
0916468372 |
| 082 ## - DEWEY DECIMAL CLASSIFICATION NUMBER |
| Classification number |
J72 N461 |
| 100 ## - MAIN ENTRY--PERSONAL NAME |
| Personal name |
Newland, Kathleen |
| 245 ## - TITLE STATEMENT |
| Title |
City limits: emerging constraints on Urban growth |
| Statement of responsibility, etc. |
by Kathleen Newland |
| 260 ## - PUBLICATION, DISTRIBUTION, ETC. |
| Place of publication, distribution, etc. |
Washington |
| Name of publisher, distributor, etc. |
Worldwatch |
| Date of publication, distribution, etc. |
1980 |
| 300 ## - PHYSICAL DESCRIPTION |
| Extent |
31p |
| 650 ## - SUBJECT ADDED ENTRY--TOPICAL TERM |
| Topical term or geographic name entry element |
Urban economics. |
| 650 ## - SUBJECT ADDED ENTRY--TOPICAL TERM |
| Topical term or geographic name entry element |
Cities and towns --Growth |
| 650 ## - SUBJECT ADDED ENTRY--TOPICAL TERM |
| Topical term or geographic name entry element |
Urbanization |